Catálogo de tipos de composición mecánica / Imprenta Juvenil
Descripción Física:
[15] f. de làm. : il. ; 14 x 22 cm
MARC
| LEADER | 00000nam a2200000Ia 4500 | ||
|---|---|---|---|
| 001 | 15055 | ||
| 003 | BGR | ||
| 005 | 20260324175722.0 | ||
| 008 | 160829s9999 xx 000 0 cat d | ||
| 080 | |a FU-33-67 | ||
| 110 | 2 | |a Imprenta Juvenil (Barcelona) |9 71039 | |
| 245 | |a Catálogo de tipos de composición mecánica / Imprenta Juvenil | ||
| 260 | |a Barcelona : |b la Imprenta, [19-- ?] | ||
| 300 | |a [15] f. de làm. : |b il. ; |c 14 x 22 cm | ||
| 650 | |a Imprenta Juvenil |x Catàlegs |9 39001 | ||
| 650 | |a Tipus d'impremta |x Catàlegs |9 24273 | ||
| 650 | |a Composició tipogràfica |9 38867 | ||
| 901 | |a Arxiu | ||
| 942 | |n 1 |2 udc |c MON | ||
| 952 | |0 0 |1 0 |4 0 |6 FU3367 |7 1 |9 48742 |a Arxiu |b Arxiu |d 2016-12-01 |l 0 |o FU-33-67 |p 15055 |r 2016-12-01 00:00:00 |w 2016-12-01 |y ARXIU | ||
| 999 | |c 52573 |d 52573 | ||